English Words of Sanskrit Origin - Statistics

General Stats
  • This quiz has been taken 115 times
  • The average score is 5 of 8
Answer Stats
Definition Word % Correct
Fastest animal on land. Cheetah
96%
Hindu spiritual and ascetic discipline, a part of which, including breath control, simple meditation, and the adoption of specific bodily postures, is widely practised for health and relaxation. Yoga
91%
Icon or figure representing a particular person in a video game or internet forum Avatar
81%
Area of land overgrown with dense forest and tangled vegetation, typically in the tropics. Jungle
80%
Ancient symbol in the form of an equal-armed cross with each arm continued at a right angle, used especially in South Asia as a symbol of good luck or spirituality. Swastika
72%
Word or sound repeated to aid concentration in meditation. Mantra
61%
Gemstone consisting of a form of hydrated silica, typically semi-transparent and showing many small points of shifting colour against a pale or dark ground. Opal
38%
Huge, powerful, and overwhelming force. Juggernaut
30%
No matching quizzes found
Score Distribution
Percent of People with Each Score
Percentile by Number Answered
Your Score History
You have not taken this quiz